ՀՀ Գիտությունների ազգային ակադեմիայի հիմնարար գիտական գրադարան  =   Fundamental Scientific Library of NAS RA

Рифей : (Record no. 143009)

MARC details
000 -LEADER
fixed length control field 00743nam a2200205 a 4500
001 - CONTROL NUMBER
control field 000374227
003 - CONTROL NUMBER IDENTIFIER
control field AM-YeHGA
005 - DATE AND TIME OF LATEST TRANSACTION
control field 20250617132001.0
008 - FIXED-LENGTH DATA ELEMENTS--GENERAL INFORMATION
fixed length control field 041027s1990 ||| r 000 0 rus d
020 ## - INTERNATIONAL STANDARD BOOK NUMBER
International Standard Book Number 5768802487
040 ## - CATALOGING SOURCE
Original cataloging agency AM-YeHGA
041 0# - LANGUAGE CODE
Language code of text/sound track or separate title rus
090 ## - LOCALLY ASSIGNED LC-TYPE CALL NUMBER (OCLC); LOCAL CALL NUMBER (RLIN)
-- 144390
245 00 - TITLE STATEMENT
Title Рифей :
Remainder of title Урал. краевед. сб. /
Statement of responsibility, etc. Сост. А.П. Моисеев.
260 ## - PUBLICATION, DISTRIBUTION, ETC.
Place of publication, distribution, etc. Челябинск :
Name of publisher, distributor, etc. Юж.-Урал. кн. изд-во.
300 ## - PHYSICAL DESCRIPTION
Extent год.
505 1# - FORMATTED CONTENTS NOTE
Miscellaneous information 1980 (1980; 274 с.: ил.)
-- 1981 (1981; 269 с.: ил.)
-- 1983 (1983; 251 с.: ил.)
-- 1990 (1990; 271 с.: [8] л. ил.)
650 14 - SUBJECT ADDED ENTRY--TOPICAL TERM
Topical term or geographic name entry element Краеведение
Geographic subdivision Урал
700 1# - ADDED ENTRY--PERSONAL NAME
Personal name Моисеев, Александр Павлович
Relator term cост.
Relationship com
Holdings
Withdrawn status Lost status Damaged status Not for loan Collection Home library Current library Date acquired Serial enumeration / chronology Total checkouts Full call number Barcode Date last seen Price effective from Koha item type Public note Copy number
        General Fundamental Scientific Library Fundamental Scientific Library 22/12/2016 1980   PII/463113 FL0312758 22/12/2016 22/12/2016 Գրքեր / Books 30 Days Loan  
        General Fundamental Scientific Library Fundamental Scientific Library 22/12/2016 1981   PII/470750 FL0299907 22/12/2016 22/12/2016 Գրքեր / Books 30 Days Loan  
        General Fundamental Scientific Library Fundamental Scientific Library 22/12/2016 1983   PII/507573 FL0219687 22/12/2016 22/12/2016 Գրքեր / Books 30 Days Loan  
        General Fundamental Scientific Library Fundamental Scientific Library 22/12/2016 1990   PII/624915 120624915 22/12/2016 22/12/2016 Գրքեր / Books 30 Days Loan 908(470.5)


ՀՀ ԳԱԱ հիմնարար գիտական գրադարան
ՀՀ,Երևան 0019
Մարշալ Բաղրամյան 24/6
հեռախոս:(374-10) 52-47-50
Հետադարձ կապ

All site content, except where otherwise noted, is licensed under a
Creative Commons License